Aller au contenu

Проектирование и разработка систем на базе программируемых логических интегральных схем. Часть 2 практикум

Практикум содержит теоретические и практические материалы по построению простейшего вычислительного устройства в базисе программируемых логических интегральных схем, содержащего микропроцессорное ядро, память, контроллер последовательного интерфейса UART и встроенный отладчик. Предназначено для студ...

Description complète

Enregistré dans:
Détails bibliographiques
Auteur principal: Кряхтунов Г. М.
Autres auteurs: Боронников А. С., Борисенко Н. В.
Format: Книга
Langue:Russian
Publié: Москва РТУ МИРЭА 2024
Accès en ligne:https://e.lanbook.com/book/464621
https://e.lanbook.com/img/cover/book/464621.jpg
Tags: Ajouter un tag
Pas de tags, Soyez le premier à ajouter un tag!
LEADER 02479nam0a2200301 i 4500
001 464621
003 RuSpLAN
005 20250326114307.0
008 250326s2024 ru gs 000 0 rus
020 |a 978-5-7339-2374-1 
040 |a RuSpLAN 
041 0 |a rus 
044 |a ru 
080 |a 681.3 
084 |a 32.97  |2 rubbk 
245 0 0 |a Проектирование и разработка систем на базе программируемых логических интегральных схем. Часть 2  |b практикум  |c Кряхтунов Г. М.,Боронников А. С.,Борисенко Н. В. 
260 |a Москва  |b РТУ МИРЭА  |c 2024 
300 |a 251 с. 
504 |a Библиогр.: доступна в карточке книги, на сайте ЭБС Лань 
520 8 |a Практикум содержит теоретические и практические материалы по построению простейшего вычислительного устройства в базисе программируемых логических интегральных схем, содержащего микропроцессорное ядро, память, контроллер последовательного интерфейса UART и встроенный отладчик. Предназначено для студентов 3-го курса квалификации бакалавр, обучающихся по направлению 09.03.01 «Информатика и вычислительная техника» и поддерживает дисциплину «Проектирование и разработка систем на базе программируемых логических интегральных схем», а также может быть использовано студентами других направлений подготовки для получения знаний и навыков в области информационных технологий. 
521 8 |a Книга из коллекции РТУ МИРЭА - Информатика 
521 8 |a СЭБ 
100 1 |a Кряхтунов Г. М. 
700 1 |a Боронников А. С. 
700 1 |a Борисенко Н. В. 
856 4 |u https://e.lanbook.com/book/464621 
856 4 8 |u https://e.lanbook.com/img/cover/book/464621.jpg 
953 |a https://e.lanbook.com/img/cover/book/464621.jpg